• 首页
  • 本馆介绍
  • 公告通知
  • 最新文献
  • 馆藏检索
  • 电子资源
  • 读者导购
  • 参考咨询
  • 我的图书馆
  • 登录
  • 详细信息显示
  • 放入我的书架
  • 预约/预借图书
  • 作者相关作品
  • 分类相关作品
  • 丛书相关作品
  • 出版社相关作品

书目信息

  • 表格格式
  • 工作单格式
  • 卡片格式
题名:
漫画爱因斯坦
    
 
作者: 犬一博史 著 ;姚争 译
分册:  
出版信息: 香港   明报出版社有限公司  1996.10
页数: 211页
开本: 20cm
丛书名: 漫画科学家
单 册:
中图分类: J238.1
科图分类:
主题词: 漫画:连环画--日本--现代 , 连环画:漫画--日本--现代
电子资源:
ISBN: 7-5062-2880-7
000 00821nam2 2200253 450
001 0197018572
005 19970730135340.0
010    @a7-5062-2880-7@dCNY9.80
100    @a19970711d1996 em y0chiy0121 ea
101 1  @achi@cjpn
102    @aCN@b110000
105    @aa z 000yy
200 10 @a漫画爱因斯坦@Aman hua ai yin si tan@e相对论打开了20世纪的科学大门@f(日)犬一博史著@F(ri)quan yi bo shi zhu@g姚争译@Gyao zheng yi
210    @a香港@c明报出版社有限公司@a北京@c世界图书出版公司@d1996.10
215    @a211页@d20cm
225 2  @a漫画科学家@e系列丛书
410  0 @120010@a漫画科学家
606    @a漫画:连环画@y日本@z现代
606    @a连环画:漫画@y日本@z现代
690    @aJ238.1@v3
701  0 @a犬一博史@Aquan yi bo shi@4著
702  0 @a姚争@Ayao zheng@4译
801  0 @aCN@bNLC@c19970730
905    @aBZT@dJ238.1@e5
    
    漫画爱因斯坦:相对论打开了20世纪的科学大门/(日)犬一博史著/姚争译.-香港:明报出版社有限公司;北京:世界图书出版公司,1996.10
    211页;20cm.-(漫画科学家:系列丛书)
    
    
    ISBN 7-5062-2880-7:CNY9.80
    
●
相关链接 在五车中查询图书 在当当中查询图书 在豆瓣中查询图书


正题名:漫画爱因斯坦     索取号:J238.1/5         预约/预借

序号 登录号 条形码 馆藏地/架位号 状态 备注
1 437491   210663414   中心书库中库/ 中库018架A面4列4层31/ [索取号:J238.1/5] 在馆    
2 437492   210663423   中心书库中库/ 中库018架A面4列5层1/ [索取号:J238.1/5] 在馆    
3 437493   210663398   中心书库中库/ 中库018架A面4列5层16/ [索取号:J238.1/5] 在馆    
4 437494   210663405   中心书库中库/ 中库029架A面1列1层32/ [索取号:J238.1/5] 在馆    
5 437496   210663370   中心书库中库/ 中库018架A面4列5层15/ [索取号:J238.1/5] 在馆    
6 437497   210663361   中心书库中库/ 中库018架A面4列4层30/ [索取号:J238.1/5] 在馆    
7 437499   210663334   中心书库中库/ 中库018架A面4列4层21/ [索取号:J238.1/5] 在馆    
8 437500   210663343   中心书库中库/ 中库018架A面4列5层4/ [索取号:J238.1/5] 在馆    
山东省滨州职业学院图书馆 欢迎您!
大连网信软件有限公司© 版权所有